[Event "Nova Gorica op 27th"]
[Site "Nova Gorica"]
[Date "2023.03.23"]
[Round "9"]
[White "Gruden, Matej"]
[Black "Azinovic, Igor"]
[Result "1-0"]
[WhiteElo "1848"]
[BlackElo "1649"]
[PlyCount "75"]
[EventDate "2023.03.16"]
[EventType "swiss"]
[EventRounds "9"]
[EventCountry "SLO"]
[SourceTitle "CBM 213 Extra"]
[Source "ChessBase"]
[SourceDate "2023.05.31"]
[SourceVersion "1"]
[SourceVersionDate "2023.05.31"]
[SourceQuality "1"]

1. d4 d5 2. c4 dxc4 3. e4 e5 4. Nf3 Bb4+ 5. Nc3 exd4 6. Nxd4 Ne7 7. Bxc4 Nbc6 8. Be3 0-0 9. 0-0 Bxc3 10. bxc3 Ne5 11. Be2 c5 12. Nb5 b6 13. Qc2 N7g6 14. f3 Qe7 15. Rfd1 Ba6 16. a4 Rad8 17. a5 c4 18. Nd4 Qb7 19. axb6 axb6 20. Rdb1 b5 21. f4 Nc6 22. Bxc4 Nxd4 23. Bxd4 Nxf4 24. Be3 Qc6 25. Bf1 Ne6 26. Rb4 Nc5 27. Kh1 Rfe8 28. Bxc5 Qxc5 29. Rxa6 Qe3 30. Ra2 Re6 31. Rd4 Rc8 32. Qd2 Rxe4 33. Rd8+ Rxd8 34. Qxd8+ Re8 35. Ra8 Kf8 36. Qxe8+ Qxe8 37. Rxe8+ Kxe8 38. Bxb5+ 1-0

[Event "Nova Gorica op 27th"]
[Site "Nova Gorica"]
[Date "2023.03.22"]
[Round "8"]
[White "Benazzo, Angelo"]
[Black "Gruden, Matej"]
[Result "1-0"]
[WhiteElo "1621"]
[BlackElo "1848"]
[PlyCount "81"]
[EventDate "2023.03.16"]
[EventType "swiss"]
[EventRounds "9"]
[EventCountry "SLO"]
[SourceTitle "CBM 213 Extra"]
[Source "ChessBase"]
[SourceDate "2023.05.31"]
[SourceVersion "1"]
[SourceVersionDate "2023.05.31"]
[SourceQuality "1"]

1. Nf3 c5 2. g3 Nc6 3. d3 d5 4. Nbd2 e5 5. e4 Nge7 6. Bg2 f6 7. exd5 Nxd5 8. Nc4 Be6 9. Ne3 Be7 10. h4 Qd7 11. Bd2 Rd8 12. a3 0-0 13. 0-0 Nd4 14. Nxd5 Bxd5 15. Nxd4 cxd4 16. Qe2 Bxg2 17. Kxg2 Qc6+ 18. Qe4 Qxc2 19. Bb4 Bxb4 20. axb4 a6 21. Rfc1 Qb3 22. Rc7 Rf7 23. Rac1 Qd5 24. Qxd5 Rxd5 25. Rc8+ Rf8 26. R8c7 Rf7 27. Rc8+ Rf8 28. R8c7 Rb5 29. Rd7 Kh8 30. Rcc7 Rg8 31. h5 h6 32. Rxb7 Rxb7 33. Rxb7 Rc8 34. b5 a5 35. b6 Rc2 36. b4 e4 37. dxe4 d3 38. bxa5 Ra2 39. Rd7 Rxa5 40. b7 Rb5 41. Rd8+ 1-0

[Event "Bassano del Grappa op 10"]
[Site "Bassano del Grappa"]
[Date "2020.10.25"]
[Round "4"]
[White "Gruden, Matej"]
[Black "Bordignon, Angelo"]
[Result "1/2-1/2"]
[WhiteElo "1773"]
[BlackElo "2024"]
[PlyCount "134"]
[EventDate "2020.10.23"]
[EventType "swiss"]
[EventRounds "5"]
[EventCountry "ITA"]
[SourceTitle "EXT 2022"]
[Source "ChessBase"]
[SourceDate "2021.10.06"]
[SourceVersion "1"]
[SourceVersionDate "2021.10.06"]
[SourceQuality "1"]

1. c4 g6 2. Nc3 Bg7 3. g3 e5 4. Bg2 d6 5. d3 Nc6 6. Rb1 a5 7. a3 f5 8. e3 Nf6 9. Nge2 0-0 10. 0-0 h6 11. b4 axb4 12. axb4 g5 13. f4 Rb8 14. Qc2 Be6 15. b5 Ne7 16. Bb2 Qe8 17. Nd5 Bxd5 18. cxd5 Nfxd5 19. Bxd5+ Nxd5 20. Qc4 Qf7 21. e4 fxe4 22. dxe4 Ne3 23. Qxf7+ Rxf7 24. Rf3 Nc4 25. Bc1 exf4 26. gxf4 gxf4 27. Rxf4 Rbf8 28. Rb3 Ne5 29. Rg3 Kh7 30. Kg2 Nd7 31. Rgf3 Rxf4 32. Nxf4 Nc5 33. Nd5 Ne6 34. Be3 Rxf3 35. Kxf3 c6 36. bxc6 bxc6 37. Ne7 c5 38. Nf5 Be5 39. Bxh6 Bxh2 40. Bd2 Be5 41. Ne7 Nd4+ 42. Ke3 Nb3 43. Nd5 Kg7 44. Be1 Kf7 45. Kd3 Ke6 46. Nb6 Nd4 47. Nc4 Bf4 48. Bc3 Nc6 49. Bg7 Ne5+ 50. Bxe5 Bxe5 51. Ne3 Bd4 52. Nc4 Bg1 53. Nd2 Bd4 54. Nf3 Be5 55. Kc4 Bf4 56. Kd3 d5 57. exd5+ Kxd5 58. Kc3 c4 59. Ng1 Be5+ 60. Kd2 Kc5 61. Nf3 Bf4+ 62. Kc3 Bh6 63. Ne1 Bg7+ 64. Kc2 Kb4 65. Nd3+ Kb5 66. Nf2 Bd4 67. Ne4 Be5 1/2-1/2

[Event "Bassano del Grappa op 10"]
[Site "Bassano del Grappa"]
[Date "2020.10.25"]
[Round "5"]
[White "Gruden, Matej"]
[Black "Zanini, Giuseppe"]
[Result "1/2-1/2"]
[WhiteElo "1773"]
[BlackElo "1983"]
[PlyCount "131"]
[EventDate "2020.10.23"]
[EventType "swiss"]
[EventRounds "5"]
[EventCountry "ITA"]
[SourceTitle "EXT 2022"]
[Source "ChessBase"]
[SourceDate "2021.10.06"]
[SourceVersion "1"]
[SourceVersionDate "2021.10.06"]
[SourceQuality "1"]

1. c4 c5 2. Nc3 Nc6 3. Nf3 g6 4. g3 Bg7 5. Bg2 e6 6. 0-0 Nge7 7. d3 0-0 8. Rb1 Rb8 9. Bf4 d6 10. a3 a6 11. Ne4 e5 12. Bg5 f6 13. Bd2 b5 14. Qc1 f5 15. Nc3 bxc4 16. dxc4 e4 17. Ne1 Be6 18. Bh6 Bxh6 19. Qxh6 Bxc4 20. Nc2 Bb3 21. Qd2 d5 22. Na1 d4 23. Nxb3 Rxb3 24. Qc2 c4 25. Nxe4 fxe4 26. Qxc4+ Qd5 27. Qxd5+ Nxd5 28. Bxe4 Rd8 29. Rfc1 Nce7 30. Rc4 Nf6 31. Bd3 Rb6 32. Rc7 Rd7 33. Rc5 Kg7 34. b4 Ned5 35. Rbc1 Rdd6 36. R1c4 Ne7 37. Rc7 Nd7 38. Ra7 Nc6 39. Ra8 Nce5 40. Rc7 Nxd3 41. exd3 Rbc6 42. Rb7 Kf6 43. f4 Rc3 44. Rd8 Ke7 45. Rh8 Rxa3 46. Rxh7+ Ke6 47. Rg7 Rxd3 48. Rxg6+ Kd5 49. Rxd6+ Kxd6 50. Ra7 Nb8 51. Kf2 Rd2+ 52. Kf3 Rxh2 53. Ke4 Nc6 54. Rxa6 Re2+ 55. Kd3 Re3+ 56. Kd2 Rb3 57. f5 Rxb4 58. f6 Rc4 59. g4 Ke6 60. g5 Kf7 61. Rb6 Ne5 62. Rb7+ Ke6 63. Rb6+ Kf5 64. f7 Nxf7 65. Rf6+ Kxg5 66. Rxf7 1/2-1/2

[Event "Bassano del Grappa op 10"]
[Site "Bassano del Grappa"]
[Date "2020.10.24"]
[Round "3"]
[White "Trangoni, Bruno"]
[Black "Gruden, Matej"]
[Result "0-1"]
[WhiteElo "1933"]
[BlackElo "1773"]
[PlyCount "72"]
[EventDate "2020.10.23"]
[EventType "swiss"]
[EventRounds "5"]
[EventCountry "ITA"]
[SourceTitle "EXT 2022"]
[Source "ChessBase"]
[SourceDate "2021.10.06"]
[SourceVersion "1"]
[SourceVersionDate "2021.10.06"]
[SourceQuality "1"]

1. Nf3 c5 2. c3 Nf6 3. d4 b6 4. Bf4 g6 5. e3 Bg7 6. Be2 0-0 7. 0-0 d6 8. Nbd2 Nbd7 9. h3 Bb7 10. Qb3 a6 11. a4 Rb8 12. Rfd1 Re8 13. Ng5 Rf8 14. Bc4 d5 15. Be2 Rc8 16. c4 cxd4 17. exd4 h6 18. Ngf3 e6 19. c5 Rc6 20. Rac1 Qa8 21. cxb6 Rxb6 22. Qa3 Rc8 23. Rxc8+ Qxc8 24. b4 Bf8 25. Rc1 Bc6 26. a5 Bxb4 27. Qa4 Qb7 28. Qa1 Bxd2 29. Bxd2 Rb2 30. Bxa6 Qb3 31. Rc3 Rb1+ 32. Kh2 Qd1 33. Qa3 Qh1+ 34. Kg3 Nh5+ 35. Kh4 Qxg2 36. Qd6 Qxf2+ 0-1

[Event "Anti Cheating Blitz Cup"]
[Site "Chess.com INT"]
[Date "2020.05.20"]
[Round "2"]
[White "Gruden, Matej"]
[Black "Nazzaro, Gianmarco"]
[Result "1-0"]
[WhiteElo "1773"]
[BlackElo "1416"]
[PlyCount "51"]
[EventDate "2020.05.20"]
[EventType "swiss (blitz)"]
[EventRounds "11"]
[EventCountry "USA"]
[SourceTitle "CBM 196 Extra"]
[Source "ChessBase"]
[SourceDate "2020.07.31"]
[SourceVersion "1"]
[SourceVersionDate "2020.07.31"]
[SourceQuality "1"]

1. c4 e5 2. Nc3 Nc6 3. g3 Nf6 4. Bg2 Bb4 5. d3 h6 6. Bd2 Bc5 7. e3 0-0 8. Nge2 Nb4 9. Bc1 c6 10. 0-0 d5 11. a3 Na6 12. b4 Bb6 13. cxd5 cxd5 14. d4 Bc7 15. Bb2 Bf5 16. Rc1 Rc8 17. dxe5 Bxe5 18. Nd4 Bg6 19. Qd2 Ne4 20. Qd1 Nxc3 21. Rxc3 Qd7 22. Qd2 Rfe8 23. Rfc1 Nb8 24. Rc5 Bxd4 25. Qxd4 Nc6 26. Qxg7# 1-0

[Event "Anti Cheating Blitz Cup"]
[Site "Chess.com INT"]
[Date "2020.05.20"]
[Round "3"]
[White "Gruden, Matej"]
[Black "Tang, Andrew"]
[Result "0-1"]
[WhiteElo "1773"]
[BlackElo "2538"]
[PlyCount "64"]
[EventDate "2020.05.20"]
[EventType "swiss (blitz)"]
[EventRounds "11"]
[EventCountry "USA"]
[SourceTitle "CBM 196 Extra"]
[Source "ChessBase"]
[SourceDate "2020.07.31"]
[SourceVersion "1"]
[SourceVersionDate "2020.07.31"]
[SourceQuality "1"]

1. c4 e6 2. Nc3 d5 3. cxd5 exd5 4. d4 c6 5. Nf3 Be7 6. Qc2 g6 7. Bf4 Bf5 8. Qb3 Qb6 9. Qxb6 axb6 10. e3 Nd7 11. Be2 b5 12. Ne5 Ngf6 13. 0-0 0-0 14. Rfd1 Ra7 15. Bd3 Bxd3 16. Rxd3 Rfa8 17. b3 Nxe5 18. Bxe5 Nd7 19. Bc7 b6 20. Bg3 b4 21. Na4 b5 22. Nc5 Rxa2 23. Rxa2 Rxa2 24. Rd1 Bxc5 25. dxc5 Nxc5 26. Bd6 Nxb3 27. Bxb4 Ra1 28. Rxa1 Nxa1 29. f3 Nc2 30. Bc5 b4 31. Kf2 b3 32. Ke2 b2 0-1

[Event "Nova Gorica op 22nd"]
[Site "Nova Gorica"]
[Date "2017.02.02"]
[Round "9"]
[White "Zlatanovic, Srdjan"]
[Black "Gruden, Matej"]
[Result "1-0"]
[WhiteElo "1557"]
[BlackElo "1826"]
[PlyCount "59"]
[EventDate "2017.01.27"]
[EventType "swiss"]
[EventRounds "9"]
[EventCountry "SLO"]
[SourceTitle "CBM 176 Extra"]
[Source "ChessBase"]
[SourceDate "2017.03.02"]
[SourceVersion "1"]
[SourceVersionDate "2017.03.02"]
[SourceQuality "1"]

1. d4 Nf6 2. Nf3 c5 3. c3 b6 4. Bg5 Bb7 5. e3 e6 6. Nbd2 Be7 7. Qc2 d5 8. Bb5+ Nbd7 9. Ne5 0-0 10. Bxd7 Nxd7 11. Bxe7 Qxe7 12. Nxd7 Qxd7 13. Nf3 Ba6 14. h4 f6 15. h5 Rab8 16. Rh3 cxd4 17. exd4 Qb5 18. 0-0-0 Qd7 19. Rg3 b5 20. a3 Rfc8 21. b4 Bb7 22. Nh4 Kh8 23. Qe2 a5 24. Kd2 axb4 25. axb4 Ra8 26. Ke1 Ra3 27. Rc1 Qd6 28. Ng6+ hxg6 29. hxg6 Qf4 30. Rh3+ 1-0

[Event "Nova Gorica op 22nd"]
[Site "Nova Gorica"]
[Date "2017.01.31"]
[Round "7"]
[White "Visintin, Roberto"]
[Black "Gruden, Matej"]
[Result "1-0"]
[WhiteElo "2044"]
[BlackElo "1826"]
[PlyCount "139"]
[EventDate "2017.01.27"]
[EventType "swiss"]
[EventRounds "9"]
[EventCountry "SLO"]
[SourceTitle "CBM 176 Extra"]
[Source "ChessBase"]
[SourceDate "2017.03.02"]
[SourceVersion "1"]
[SourceVersionDate "2017.03.02"]
[SourceQuality "1"]

1. Nf3 c5 2. e4 Nc6 3. Bb5 Nf6 4. Nc3 Nd4 5. Bc4 d6 6. h3 a6 7. a4 g6 8. d3 Bg7 9. Be3 Nd7 10. 0-0 0-0 11. Nh2 Ne5 12. Ba2 e6 13. Qd2 Rb8 14. Bg5 f6 15. Be3 b5 16. axb5 axb5 17. Nd1 b4 18. Bxd4 cxd4 19. f4 Nf7 20. f5 exf5 21. exf5 Bxf5 22. Nf3 Qb6 23. Qf2 Bd7 24. Bd5 Qc5 25. Qxd4 Qxc2 26. Bc4 Ra8 27. Rxa8 Rxa8 28. Bxf7+ Kh8 29. Bc4 Bc6 30. Ne3 Qa4 31. Qxd6 Re8 32. b3 Qa8 33. Ng4 Bxf3 34. Rxf3 f5 35. Nh2 Re1+ 36. Nf1 Qa7+ 37. Kh1 Qa8 38. Qxb4 Ra1 39. Qd6 Re1 40. Qd5 Qe8 41. Qf7 Qb8 42. b4 Rb1 43. b5 Bd4 44. Qd5 Bg7 45. Qd7 Bf6 46. Bf7 Qb6 47. Be6 Qb8 48. Qc8+ Qxc8 49. Bxc8 Rxb5 50. Ba6 Rb1 51. Bc4 Bd4 52. g4 fxg4 53. hxg4 Re1 54. Kg2 Re2+ 55. Kh3 Bc5 56. Ng3 Rb2 57. Ne4 Bd4 58. g5 Rb8 59. Rf7 Bg7 60. Ra7 Bd4 61. Rd7 Bg7 62. Kg4 Re8 63. Nd6 Rb8 64. Nf7+ Kg8 65. Rd8+ Rxd8 66. Nxd8+ Kh8 67. Kf3 h5 68. Be6 Bb2 69. Nf7+ Kg7 70. Nd6 1-0

[Event "Nova Gorica op 22nd"]
[Site "Nova Gorica"]
[Date "2017.01.28"]
[Round "2"]
[White "Gruden, Matej"]
[Black "Mihelic, Vesna"]
[Result "0-1"]
[WhiteElo "1826"]
[BlackElo "1554"]
[PlyCount "120"]
[EventDate "2017.01.27"]
[EventType "swiss"]
[EventRounds "9"]
[EventCountry "SLO"]
[SourceTitle "CBM 176 Extra"]
[Source "ChessBase"]
[SourceDate "2017.03.02"]
[SourceVersion "1"]
[SourceVersionDate "2017.03.02"]
[SourceQuality "1"]

1. c4 e5 2. Nc3 Nf6 3. g3 Nc6 4. Bg2 d6 5. Nf3 Be6 6. d3 h6 7. 0-0 Be7 8. Rb1 a5 9. a3 Qd7 10. Re1 d5 11. b3 d4 12. Na2 0-0 13. b4 axb4 14. Nxb4 Bxb4 15. axb4 Qd6 16. c5 Qe7 17. Nd2 Nd5 18. Bxd5 Bxd5 19. Nc4 Qe6 20. Qc2 Ra7 21. b5 Na5 22. Rb4 Qe7 23. Nb2 b6 24. Na4 Nb7 25. Bd2 bxc5 26. Rb2 Rfa8 27. Ra1 Qd7 28. Rbb1 Qe7 29. Qd1 e4 30. b6 Ra6 31. bxc7 Qxc7 32. Nb2 Rxa1 33. Rxa1 Re8 34. Nc4 Rd8 35. Bf4 Qc6 36. Ne5 Qe6 37. dxe4 Bxe4 38. Nd3 c4 39. Nb4 d3 40. exd3 cxd3 41. Ra6 Qc4 42. Bd2 Bf5 43. Rb6 Bg4 44. Qe1 Qc7 45. Rc6 Qd7 46. Qe4 Bf5 47. Qf4 Bg6 48. Rc7 Qb5 49. Qh4 Re8 50. Qf4 Na5 51. Nxd3 Qxd3 52. Bxa5 Qd1+ 53. Kg2 Qd5+ 54. Kg1 Qxa5 55. Rc4 Qe1+ 56. Kg2 Be4+ 57. f3 Qe2+ 58. Kh3 Qxc4 59. fxe4 Qxe4 60. Qd2 Qe6+ 0-1

[Event "Nova Gorica op 21st"]
[Site "Nova Gorica"]
[Date "2016.02.03"]
[Round "8"]
[White "Gruden, Matej"]
[Black "Bajt, Ales"]
[Result "1-0"]
[WhiteElo "1807"]
[BlackElo "1276"]
[PlyCount "53"]
[EventDate "2016.01.29"]
[EventType "swiss"]
[EventRounds "9"]
[EventCountry "SLO"]
[SourceTitle "CBM 170 Extra"]
[Source "ChessBase"]
[SourceDate "2016.02.25"]
[SourceVersion "1"]
[SourceVersionDate "2016.02.25"]
[SourceQuality "1"]

1. c4 g6 2. Nc3 Bg7 3. g3 Nf6 4. Bg2 0-0 5. Nf3 c6 6. 0-0 d6 7. Rb1 e5 8. d3 Bg4 9. Bg5 Nbd7 10. b4 Qc8 11. Bxf6 Nxf6 12. Re1 Bh3 13. Bh1 Re8 14. Nd2 Qd7 15. b5 d5 16. bxc6 bxc6 17. Qa4 Qd6 18. Rb7 Ng4 19. cxd5 Qc5 20. Nde4 Qf8 21. dxc6 f5 22. Qc4+ Kh8 23. Ng5 Nxf2 24. Kxf2 Bg4 25. Rf7 Qd6 26. Rxg7 h6 27. Rh7# 1-0